Las materias grasas y nuestra salud (Registro nro. 30240)

Detalles MARC
000 -LEADER
fixed length control field 00316 a2200109 4500
001 - CONTROL NUMBER
control field ART_27807
005 - DATE AND TIME OF LATEST TRANSACTION
control field 20260410161949.0
008 - FIXED-LENGTH DATA ELEMENTS--GENERAL INFORMATION
fixed length control field 260409a
100 1# - MAIN ENTRY--PERSONAL NAME
Personal name Ciappini, María Cristina
245 10 - TITLE STATEMENT
Title Las materias grasas y nuestra salud
773 0# - HOST ITEM ENTRY
Title Invenio
Related parts - Año 1, Nº 2 (nov. 1998)
Record control number REV27781

No hay ítems disponibles.